<?xml version="1.0" encoding="UTF-8"?>
<marc:record xmlns:marc="http://www.loc.gov/MARC21/slim">
   <marc:leader>00000nam a2200000 a 4500</marc:leader>
   <marc:datafield ind1="1" ind2=" " tag="100">
      <marc:subfield code="a">Haratischwili, Nino</marc:subfield>
      <marc:subfield code="4">aut</marc:subfield>
      <marc:subfield code="e">Verfasser/-in</marc:subfield>
   </marc:datafield>
   <marc:datafield ind1="0" ind2="0" tag="245">
      <marc:subfield code="a">Das achte Leben</marc:subfield>
   </marc:datafield>
   <marc:datafield ind1="0" ind2="0" tag="245">
      <marc:subfield code="b">Für Brilka</marc:subfield>
   </marc:datafield>
   <marc:datafield ind1="0" ind2="0" tag="245">
      <marc:subfield code="c">Haratischwili, Nino</marc:subfield>
   </marc:datafield>
   <marc:datafield ind1=" " ind2="1" tag="264">
      <marc:subfield code="c">2018</marc:subfield>
   </marc:datafield>
   <marc:datafield ind1=" " ind2=" " tag="250">
      <marc:subfield code="a">5</marc:subfield>
   </marc:datafield>
   <marc:datafield ind1="1" ind2=" " tag="520">
      <marc:subfield code="a">Dieser Roman ist über die Literaturwelt gekommen wie ein Naturereignis: ein wuchtiges Familienepos, das am Beispiel von sechs Generationen außergewöhnlicher Frauen das ganze pralle 20. Jahrhundert mit all seinen Umbrüchen und Dramen, Katastrophen und Wundern erzählt. Vom Georgien am Vorabend des Ersten Weltkriegs bis ins Deutschland zu Anfang des neuen Millenniums spannt Nino Haratischwili den Bogen. Alles beginnt mit Stasia, Tochter eines angesehenen Schokoladenfabrikanten. Mit ihrer Geburt setzt die Geschichte ein, die fortan wie ein gewaltiger Strom mit unzähligen Nebenarmen und Verwirbelungen durch Europa zieht und den Leser bis zur letzten Seite in ihrem Sog gefangen hält.&#xD;
&#xD;
Ein unvergessliches, überwältigendes Leseerlebnis.</marc:subfield>
   </marc:datafield>
   <marc:datafield ind1=" " ind2=" " tag="020">
      <marc:subfield code="a">9783548289274</marc:subfield>
      <marc:subfield code="9">9783548289274</marc:subfield>
   </marc:datafield>
   <marc:datafield ind1=" " ind2=" " tag="020">
      <marc:subfield code="a">3548289274</marc:subfield>
      <marc:subfield code="9">3548289274</marc:subfield>
   </marc:datafield>
   <marc:datafield ind1=" " ind2=" " tag="338">
      <marc:subfield code="a">Band</marc:subfield>
   </marc:datafield>
   <marc:datafield ind1=" " ind2=" " tag="300">
      <marc:subfield code="a">1275 S.</marc:subfield>
   </marc:datafield>
</marc:record>
